000 01821nam a2200577 a 4500
001 22250
003 VRT
005 20260323152554.0
008 240315s2010 xo c 000 f slo
015 _aSNBA2011/05-02456
020 _a9788055601656
_q(viaz.)
035 _a73C1E089-D48D-4D0B-8FF4-A13E14147E2D
035 _aurn:nbn:sk:snk-amlc55
035 _aurn:nbn:sk:snk-am0091ke
039 9 _a202508050703
_bAUTHORITY
_c202403152105
_dVLOAD
_c201808090946
_dVLOAD
_c201606101908
_dVLOAD
040 _aTTKJF
_bslo
_cTTKJF
_dSVKBB
_dNK
_dAACR2
041 1 _aslo
_heng
044 _axo
_cSK
072 7 _a821.111(73)-3
_xAmerická próza
_2konspekt
080 _a821.111(73)-31
_22001
080 _a(0:82-31)
_22001
100 1 _aNoël, Alyson
_4aut
240 1 0 _aThe Immortals: Evermore
_lSlovensky
245 1 0 _aNesmrteľní
_n[1]
_pNavždy
_cAlyson Noelová ; [z anglického originálu preložila Paulína Feriancová]
246 3 0 _aNavždy
250 _a[1. vyd.]
260 _aBratislava
_bSlovart
_c2010
300 _a318 s.
_c22 cm
655 7 _aamerické romány
_2SNKPH
700 1 _aFeriancová, Paulína,
_d1976-
_4trl
910 _attkjf
910 _apppk
910 _apokpoh
910 _askpk
910 _avthk
910 _asllk
910 _asavuk
910 _asvkbb
910 _asnk
910 _atotk
910 _ahevk
910 _abpksh
942 _2ddc
_cKLDO
_n0
949 _62889169456
_asavukPV 14474
_bsavuk2011/1663
949 _6270001000383503
_asvkbbA 131589
_bsvkbbm 718774
949 _617A0689792
_asnkSC 144168/1
_bsnk2011/4673
_o505/11
_s6100:20160112
949 _6273K0531849
_asvkpoB 85319
_bsvkpo536471
949 _63869A17394
_abpksh821.111(73)-31
_bbpksh61698
980 _a821.111(73)-31
999 _c22250
_d22250